000 00290nam a22001337a 4500
008 170508b xxu||||| |||| 00| 0 eng d
020 _a9780766013407
041 _aeng
080 _a343
100 _a15
101 _aSHJ
245 _aTHE GAULT CASE
_cBILLITTERI, TH.J
942 _2udc
_cBK
999 _c13012
_d13012